00482nam a2200157Ia 4500003000400000005001700004008004100021040001800062041000800080082001500088100004500103245009000148260002600238600003000264650003000294OSt20260325112424.0211028s2006 xx 000 0 und d cAIMIT LIBRARY aeng a658.3 DSIS aDsilva, Sujay;Dsouza, Preethi.g40911122 aA study on organisation culture at Mangalore refinery and petrochemicals ltd (MRPL) / bDsouza, Preethic2006 aHuman Resource Management aHuman Resource Management